The A--z of social research : (Record no. 343537)
[ view plain ]
| 000 -LEADER | |
|---|---|
| fixed length control field | 01196 a2200253 4500 |
| 003 - CONTROL NUMBER IDENTIFIER | |
| control field | OSt |
| 005 - DATE AND TIME OF LATEST TRANSACTION | |
| control field | 20180116182644.0 |
| 008 - FIXED-LENGTH DATA ELEMENTS--GENERAL INFORMATION | |
| fixed length control field | 160427b xxu||||| |||| 00| 0 eng d |
| 020 ## - INTERNATIONAL STANDARD BOOK NUMBER | |
| International Standard Book Number | 0761971335 |
| 020 ## - INTERNATIONAL STANDARD BOOK NUMBER | |
| International Standard Book Number | 9780761971337 |
| 040 ## - CATALOGING SOURCE | |
| Transcribing agency | 0 |
| 082 04 - DEWEY DECIMAL CLASSIFICATION NUMBER | |
| Classification number | 300.72 |
| 100 ## - MAIN ENTRY--PERSONAL NAME | |
| Personal name | Miller, Dr Robert Lee. |
| 245 04 - TITLE STATEMENT | |
| Title | The A--z of social research : |
| Remainder of title | a dictionary of key social science research. |
| 260 ## - PUBLICATION, DISTRIBUTION, ETC. | |
| Place of publication, distribution, etc. | [S.l.] : |
| Name of publisher, distributor, etc. | Sage Publications Ltd, |
| Date of publication, distribution, etc. | 2003. |
| 300 ## - PHYSICAL DESCRIPTION | |
| Extent | 346 p. ; |
| Dimensions | 24 cm. |
| 500 ## - GENERAL NOTE | |
| General note | Paperback. |
| 520 ## - SUMMARY, ETC. | |
| Summary, etc. | Encyclopedic dictionary of more than 100 entries, including qualitative research techniques, statistical testing, and the practicalities of using the Internet as a research tool. Structured in an accessible, reader-friendly format, most entries are approximately 1,500 words in length and are supported by suggestions for further reading. Softcover, hardcover available. |
| 700 1# - ADDED ENTRY--PERSONAL NAME | |
| Personal name | Miller, Dr Robert Lee. |
| 700 1# - ADDED ENTRY--PERSONAL NAME | |
| Personal name | Brewer, Dr. John D. |
| 856 40 - ELECTRONIC LOCATION AND ACCESS | |
| Materials specified | Amazon.com |
| Uniform Resource Identifier | <a href="http://www.amazon.com/exec/obidos/ASIN/0761971335/chopaconline-20">http://www.amazon.com/exec/obidos/ASIN/0761971335/chopaconline-20</a> |
| 856 40 - ELECTRONIC LOCATION AND ACCESS | |
| Materials specified | Amazon customer reviews |
| Uniform Resource Identifier | <a href="http://www.chopac.org/cgi-bin/tools/azrev.pl?q=0761971335">http://www.chopac.org/cgi-bin/tools/azrev.pl?q=0761971335</a> |
| 942 ## - ADDED ENTRY ELEMENTS (KOHA) | |
| Institution code [OBSOLETE] | NBS |
| Koha item type | Book |
| Call number prefix | 300.72 MIL |
| Source of classification or shelving scheme | |
| Withdrawn status | Lost status | Source of classification or shelving scheme | Damaged status | Not for loan | Permanent Location | Current Location | Date acquired | Total Checkouts | Full call number | Barcode | Date last seen | Date last checked out | Price effective from | Koha item type |
|---|---|---|---|---|---|---|---|---|---|---|---|---|---|---|
| Central Library (CL) | Central Library (CL) | 08/28/2013 | 5 | 001.42 MIL | NBS6467 | 08/19/2025 | 08/10/2025 | 08/28/2013 | Book |
